Union Berlin 2020's Starting XI - Statistics

General Stats
  • This quiz has been taken 573 times
    168 since last reset
  • The average score is 12 of 40
Answer Stats
Player % Correct
Sheraldo Becker
80%
Frederik Rønnow
75%
Diogo Leite
65%
Diogo Leite
65%
Danilho Doekhi
60%
Christopher Trimmel
59%
Taiwo Awoniyi
52%
Rani Khedira
51%
András Schäfer
42%
Kevin Volland
42%
Robin Gosens
38%
Janik Haberer
37%
Janik Haberer
37%
Jeong Woo-yeong
34%
Leopold Querfeld
30%
Benedict Hollerbach
29%
Robin Knoche
29%
Aïssa Laïdouni
28%
Rafał Gikiewicz
28%
Lucas Tousart
25%
Sebastian Andersson
25%
Kevin Behrens
22%
Max Kruse
22%
Neven Subotić
22%
Nico Schlotterbeck
22%
Tom Rothe
21%
Andreas Luthe
18%
Robert Andrich
16%
Robert Andrich
16%
Genki Haraguchi
15%
Timo Baumgartl
14%
Marius Bülter
13%
Grischa Prömel
12%
Marcus Ingvartsen
12%
Marvin Friedrich
12%
Paul Jaeckel
12%
Niko Gießelmann
10%
Niko Gießelmann
10%
Christian Gentner
9%
Christopher Lenz
9%
No matching quizzes found
Score Distribution
Percent of People with Each Score
Percentile by Number Answered
Your Score History
You have not taken this quiz since the last reset